000 00502nam a2200133Ia 4500
005 20260209120152.0
008 260209s9999||||xx |||||||||||||| ||und||
100 _aVed Prakash Patel
245 0 _aImpact of digitalization on competition law : the need for an ex-ante regulation
260 _aBangaloreBangalore
_bNLSIU, Bangalore
_c2024 - 2025
300 _a37 p. ; 25 cm.
700 _aMr. Rahul Singh - SupervisorMr. Rahul Singh - Supervisor
856 _uhttps://dans.nls.ac.in/handle/123456789/2433
999 _c217747
_d217747